Statistics for American Patriotic Songs

Click here to take the quiz!

General Stats

  • This quiz has been taken 6 times
  • The average score is 3 of 6

Answer Stats

HintAnswer% Correct
Who more than self their country lovedAmerica The Beautiful
67%
My eyes have seen the glory of the coming of the LordThe Battle Hymn of the Republic
67%
This land was made for you and meThis Land is your Land
67%
From the lakes of Minnesota, to the hills of TenesseeGod Bless the USA
50%
Land of the pilgrims prideMy Country Tis of Thee
33%
What is that which the breeze, o'er the towering steep,The Star Spangled Banner
33%

Score Distribution

Percentile by Number Answered

Percent of People with Each Score

Your Score History

You have not taken this quiz